| 000 | 00964cam a22002055a 4500 | ||
|---|---|---|---|
| 001 | L156271 | ||
| 008 | 120510s1865 xxk f 000 0 eng d | ||
| 035 | _a(Sirsi) u156271 | ||
| 041 | 0 | _aeng | |
| 100 | 1 |
_aBailey-Denton, John _d1814-1893 |
|
| 245 | 0 | 4 |
_aThe farm homesteads of England _ba collection of plans of English homesteads existing in different parts of the country, carefully selected from the most approved specimens of farm architecture, to illustrate the accommodation required under various modes of husbandry, with a digest of the leading principles recognised in the construction and arrangement of the buildings |
| 250 | _a2nd ed. | ||
| 260 |
_aLondon _bChapman & Hall _c1865 |
||
| 300 |
_axv, 10-188 p. _b1 map. 27 plans, 41 pl. _c36 cm. |
||
| 583 | 0 |
_aCondition reviewed _c20120620 _lcondition level 4, one board detached, one missing |
|
| 651 | 4 |
_aEngland _y886- |
|
| 690 |
_aRural _96268 |
||
| 690 | _aDesign and specification | ||
| 942 | _n0 | ||
| 999 |
_c114142 _d114142 |
||